| 000 | 00739nam a2200241 i 4500 | ||
|---|---|---|---|
| 001 | bg | ||
| 100 | 1 | _aWEINER, January | |
| 245 | 1 | 0 |
_aŻycie i ewolucja biosfery : _bpodręcznik ekologii ogólnej / _cJanuary Weiner. |
| 260 |
_aWarszawa : _bWydaw. Naukowe PWN, _c1999. |
||
| 300 |
_a590, [1] s. : _bmapy, rys., wykr. ; _c25 cm. |
||
| 504 | _aBibliogr. s. 538-559 i przy rozdz. | ||
| 521 | _aPodręcznik akademicki. | ||
| 650 | 9 | _aEkologia | |
| 655 | _aPodręczniki akademickie | ||
| 020 | _a830112668X | ||
| 040 | _cBPK | ||
| 041 | 0 | _apl | |
| 080 | _a574(075.8) | ||
| 920 | _a83-01-12668-X | ||
| 942 | _cKS | ||
| 008 | s pl f |000 0 pol | ||
| 999 |
_c39088 _d39088 |
||
| 856 |
_uhttp://koha.tu.koszalin.pl/cgi-bin/koha/opac-detail.pl?biblionumber=39088 _yKatalog online BPK |
||